Demokrasi ile diktatorya arasında / (Kayıt no. 10270)

MARC ayrıntıları
000 -BAŞLIK
Sabit Uzunluktaki Kontrol Alanı 00653nam a22002297a 4500
003 - KONTROL NUMARASI KİMLİĞİ
Kontrol Alanı KOHA_MİRAKIL
005 - EN SON İŞLEM TARİHİ ve ZAMANI
Kontrol Alanı 20260416063230.0
008 - SABİT UZUNLUKTAKİ VERİ ÖGELERİ - GENEL BİLGİ
Sabit Alan 260415b tu ||||| |||| 00| 0 tur d
020 ## - ISBN - ULUSLARARASI STANDART KİTAP NUMARASI
Isbn 9789755336879
040 ## - KATALOGLAMA KAYNAĞI
Özgün Kataloglama Kurumu TR-AnABB
Kataloglama Dili tur
Çeviri Kurumu TR-AnABB
041 ## - DİL KODU
Metin ya da ses kaydının dil kodu tur
082 ## - DEWEY ONU SINIFLAMA SİSTEMİ
Sınıflama Numarası 321.8
Cutter numarası INC 2011
100 1# - KİŞİ ADI
Yazar Adı (Kişi adı) İnce, Özdemir
245 10 - ESER ADI BİLDİRİMİ
Başlık Demokrasi ile diktatorya arasında /
Sorumluluk Bildirimi Özdemir İnce
250 ## - BASIM BİLDİRİMİ
Basım Bildirimi 1. baskı
260 ## - YAYIN, DAĞITIM, VB.
Yayın Yeri Ankara :
Yayınevi İmge Kitabevi
Yayın Tarihi 2011
300 ## - FİZİKSEL TANIMLAMA
Sayfa, Cilt vb. 251 sayfa ;
Boyutları 20 cm
650 04 - KONU BAŞLIĞI EK GİRİŞ - KONU TERİMİ
Konusal terim veya coğrafi ad Demokrasi, tarih ve kuram
650 04 - KONU BAŞLIĞI EK GİRİŞ - KONU TERİMİ
Konusal terim veya coğrafi ad Siyasal sistemler
900 ## - YEREL BİLGİ
Kontrol Can ÇELIK
942 ## - EK GİRİŞ ÖGELERİ (KOHA)
Sınıflama Kaynağı Dewey Decimal Classification
Materyal Türü Kitap
Mevcut
Geri Çekilme Durumu Kayıp Durumu Sınıflandırma Kaynağı Kredi için değil Kalıcı Konum Mevcut Konum Kayıt Tarih Toplam Ödünçverme Yer Numarası Demirbaş Numarası Son Görülme Tarihi Fatura Tarihi Materyal Türü
    Dewey Decimal Classification   Prof. Dr. Ruşen Keleş Kütüphanesi Prof. Dr. Ruşen Keleş Kütüphanesi 15/04/2026   321.8 INC 2011 RK7160 15/04/2026 15/04/2026 Kitap